000
00293nam a22001097a 4500
999
_c
516551
_d
516551
082
_a
TNC B7x54 Gh23
100
_a
Ghai, O. P. (ed.)
_9
23075
245
_a
Quest for achievement
_c
edited by O. P. Ghai
260
_a
New Delhi
_b
I.P.D.
_c
1991
300
_a
144p.
650
_a
Self - Improvement
_9
23076